[Event "Plzen, FSB A"]
[Site "?"]
[Date "2004.??.??"]
[Round "1.30"]
[White "Tuma, J."]
[Black "Peniska, P."]
[Result "1-0"]
[WhiteElo "2192"]
[BlackElo "2011"]
[PlyCount "127"]
[EventDate "2004.??.??"]
[Source "ChessBase"]
[SourceDate "1996.11.15"]

1. e4 c5 2. Nf3 Nc6 3. d4 cxd4 4. Nxd4 g6 5. Ne2 Bg7 6. g3 Nf6 7. Bg2 O-O 8.
O-O d6 9. Nbc3 Qa5 10. Nd5 Nxd5 11. exd5 Ne5 12. h3 Nc4 13. c3 Bd7 14. b3 Na3
15. Bg5 Rfe8 16. Qd2 Nb5 17. Rac1 Rac8 18. b4 Qa4 19. Be3 Rc4 20. h4 Rec8 21.
h5 Nxc3 22. h6 Nxe2+ 23. Qxe2 Rxc1 24. Rxc1 Rxc1+ 25. Bxc1 Bf6 26. Be3 Qxb4 27.
Bxa7 Bb5 28. Qe3 Qc3 29. Qf4 Qe1+ 30. Kh2 Qe5 31. Qb4 Qh5+ 32. Kg1 Qd1+ 33. Kh2
Qa4 34. Qb1 Bg5 35. Be3 Bxe3 36. fxe3 Qc4 37. Qb2 f6 38. Qa3 Ba6 39. Qa5 Kf7
40. Qd8 Qe2 41. e4 Qh5+ 42. Kg1 Qxh6 43. Qd7 Qf8 44. Bh3 Kg7 45. Kf2 h5 46. a4
Kh6 47. a5 Kg5 48. Qc7 f5 49. Qc1+ f4 50. Kf3 Kh6 51. gxf4 g5 52. Bf5 Qf6 53.
fxg5+ Qxg5 54. Qc8 Qf6 55. Qc1+ Qg5 56. Qc3 Qf6 57. Qxf6+ exf6 58. Kf4 Be2 59.
Bc8 Ba6 60. Kf5 Kg7 61. Ke6 Kg6 62. Kxd6 h4 63. Bf5+ Kg5 64. Kc5 1-0

[Event "Plzen, FSB A"]
[Site "?"]
[Date "2004.??.??"]
[Round "1.31"]
[White "van der Veen, R."]
[Black "Koth, S."]
[Result "1-0"]
[WhiteElo "2002"]
[BlackElo "2190"]
[PlyCount "121"]
[EventDate "2004.??.??"]
[Source "ChessBase"]
[SourceDate "1996.11.15"]

1. d4 d5 2. c4 c6 3. Nf3 Nf6 4. Nc3 dxc4 5. a4 Nd5 6. e3 Nxc3 7. bxc3 b5 8. Ne5
Bb7 9. Qf3 Qd5 10. Qxd5 cxd5 11. axb5 f6 12. Nf3 Nd7 13. Be2 e6 14. Ba3 Kf7 15.
Kd2 Be7 16. Bxe7 Kxe7 17. Ra5 Nb6 18. Rha1 Nc8 19. Ne1 Rd8 20. Nc2 Rd6 21. Nb4
Rb6 22. Kc2 Rb8 23. Bf3 f5 24. g3 Kf6 25. h4 h6 26. Kd2 Kg6 27. Kc2 Nd6 28.
Rxa7 Nxb5 29. R7a4 Nd6 30. R1a2 Ne4 31. Bxe4 fxe4 32. Kd2 Kh5 33. Ke2 Kg4 34.
Ra1 g5 35. hxg5 hxg5 36. Rh1 Bc6 37. Ra2 Rxb4 38. cxb4 Rxb4 39. Rc1 Be8 40. Rc3
Kh3 41. Rca3 Kg2 42. g4 Rb1 43. Ra1 Rb2+ 44. Ke1 Rxf2 45. R1a2 Rxa2 46. Rxa2+
Kf3 47. Ra8 Bb5 48. Ra5 Kxe3 49. Rxb5 c3 50. Kd1 Kd3 51. Rb6 e5 52. dxe5 e3 53.
Rb3 d4 54. e6 e2+ 55. Ke1 Kc2 56. Rxc3+ dxc3 57. e7 Kb1 58. e8=Q c2 59. Qb5+
Ka1 60. Qxg5 Kb1 61. Kxe2 1-0

[Event "Plzen, FSB A"]
[Site "?"]
[Date "2004.??.??"]
[Round "1.32"]
[White "Purnoch, J."]
[Black "van Himbergen, H."]
[Result "1-0"]
[WhiteElo "2184"]
[BlackElo "1996"]
[PlyCount "87"]
[EventDate "2004.??.??"]
[Source "ChessBase"]
[SourceDate "1996.11.15"]

1. d4 d5 2. Nf3 e6 3. c4 c6 4. Bg5 Nf6 5. Nc3 dxc4 6. a4 b5 7. axb5 cxb5 8. Qc2
Qb6 9. e3 Bb4 10. Be2 Nbd7 11. O-O Bxc3 12. Bxf6 Nxf6 13. Qxc3 O-O 14. Qa5 Qxa5
15. Rxa5 a6 16. Rfa1 Bb7 17. Ne5 Rfd8 18. f4 Rac8 19. Rc1 Nd5 20. Bf3 Rc7 21.
Kf2 Rdc8 22. Ke2 f6 23. Bg4 Re8 24. Nf3 g6 25. Nd2 c3 26. bxc3 Rxc3 27. Rxc3
Nxc3+ 28. Kd3 Nd5 29. Nb3 Nb4+ 30. Kc3 Nc6 31. Ra1 Nb8 32. Nc5 Bxg2 33. Bxe6+
Kf8 34. d5 Bxd5 35. Bxd5 Rxe3+ 36. Kd4 Re2 37. Nxa6 Nxa6 38. Rxa6 f5 39. Ra2
Rxa2 40. Bxa2 g5 41. fxg5 Kg7 42. Ke5 h6 43. h4 Kg6 44. Kf4 1-0

[Event "Plzen, FSB A"]
[Site "?"]
[Date "2004.??.??"]
[Round "1.33"]
[White "Voglova, E."]
[Black "Galicek, S."]
[Result "0-1"]
[WhiteElo "1988"]
[BlackElo "2181"]
[PlyCount "108"]
[EventDate "2004.??.??"]
[Source "ChessBase"]
[SourceDate "1996.11.15"]

1. d4 d5 2. c4 c6 3. Nf3 Nf6 4. Nc3 e6 5. cxd5 exd5 6. Bg5 Be7 7. e3 Bf5 8. Bd3
Bxd3 9. Qxd3 Nbd7 10. O-O O-O 11. Rab1 a5 12. Rfc1 Re8 13. Na4 Ne4 14. Bxe7
Qxe7 15. Nd2 f5 16. Nf3 Rf8 17. Nc3 Rf6 18. Ne2 Rh6 19. Ng3 Qf7 20. Nf1 Qh5 21.
Qd1 Re8 22. b4 axb4 23. Rxb4 b6 24. Rb2 Ra8 25. Rbc2 Nb8 26. Ne5 Qxd1 27. Rxd1
b5 28. Rdc1 Ra6 29. f3 Ng5 30. Ng3 Rf6 31. Nh5 Rd6 32. Nf4 Nf7 33. Nfd3 Nxe5
34. Nxe5 Kf8 35. Kf2 Ke8 36. f4 Re6 37. Kf3 Kd8 38. h3 Kc7 39. Rc5 Kb6 40. R1c2
Ra7 41. R5c3 Rc7 42. Rb3 Na6 43. Nd3 Rce7 44. Nc5 Nxc5 45. Rxc5 Ra7 46. a3 Ra4
47. g4 g6 48. Rcc3 Rc4 49. Ke2 Rxd4 50. Rb4 Rxb4 51. axb4 d4 52. Rd3 Rxe3+ 53.
Rxe3 dxe3 54. Kxe3 c5 0-1

[Event "Plzen, FSB A"]
[Site "?"]
[Date "2004.??.??"]
[Round "1.34"]
[White "Bujak, M."]
[Black "Drahorad, D."]
[Result "1-0"]
[WhiteElo "2179"]
[BlackElo "1977"]
[PlyCount "63"]
[EventDate "2004.??.??"]
[Source "ChessBase"]
[SourceDate "1996.11.15"]

1. e4 e6 2. d4 d5 3. e5 c5 4. Qg4 cxd4 5. Nf3 Nc6 6. Bd3 Qc7 7. Qg3 Nb4 8. O-O
Nxc2 9. Bxc2 Qxc2 10. Nxd4 Qa4 11. Be3 Bd7 12. Nc3 Qa5 13. a3 a6 14. b4 Qd8 15.
Rfc1 Ne7 16. a4 Ng6 17. b5 Qh4 18. Qxh4 Nxh4 19. Nce2 Ng6 20. f4 Be7 21. b6 Bd8
22. a5 O-O 23. Nb3 Be7 24. Rc7 Bc6 25. Ned4 Bd8 26. Rxc6 bxc6 27. Nc5 Ne7 28.
Rb1 Nf5 29. Nxf5 exf5 30. b7 Rb8 31. Nxa6 Bxa5 32. Nxb8 1-0

[Event "Plzen, FSB A"]
[Site "?"]
[Date "2004.??.??"]
[Round "1.35"]
[White "Petera, L."]
[Black "Vasicek, M."]
[Result "0-1"]
[WhiteElo "1851"]
[BlackElo "2175"]
[PlyCount "80"]
[EventDate "2004.??.??"]
[Source "ChessBase"]
[SourceDate "1996.11.15"]

1. Nf3 Nf6 2. c4 e6 3. g3 b6 4. Bg2 Bb7 5. Nc3 Be7 6. O-O O-O 7. d4 d6 8. b3
Nbd7 9. Bb2 Ne4 10. Nd2 Nxc3 11. Bxc3 Bxg2 12. Kxg2 Nf6 13. e3 c6 14. Qe2 d5
15. Rac1 Qd7 16. Bb2 Bb4 17. Bc3 Bd6 18. c5 Be7 19. b4 b5 20. a4 a6 21. axb5
axb5 22. Ra1 Qb7 23. Rxa8 Rxa8 24. Ra1 Ra4 25. Qd1 Qa6 26. f3 h5 27. h4 Bd8 28.
Qf1 Bc7 29. Rxa4 Qxa4 30. Qa1 Qc2 31. Qb2 Qd1 32. Nb3 g5 33. hxg5 Nh7 34. f4 h4
35. gxh4 Qg4+ 36. Kf1 Qf3+ 37. Ke1 Qxe3+ 38. Kd1 Bxf4 39. Qd2 Qf3+ 40. Qe2 Qxc3
0-1

[Event "Plzen, FSB A"]
[Site "?"]
[Date "2004.??.??"]
[Round "1.36"]
[White "Vlcek, J."]
[Black "Jaros, M."]
[Result "0-1"]
[WhiteElo "1976"]
[BlackElo "2169"]
[PlyCount "56"]
[EventDate "2004.??.??"]
[Source "ChessBase"]
[SourceDate "1996.11.15"]

1. d4 Nf6 2. c4 g6 3. Nc3 Bg7 4. e4 d6 5. f3 O-O 6. Be3 Nc6 7. Qd2 Re8 8. g4 e5
9. d5 Nd4 10. h4 c6 11. h5 Qe7 12. hxg6 fxg6 13. O-O-O Bd7 14. Bg2 cxd5 15.
Bxd4 exd4 16. Qxd4 dxe4 17. Qxd6 exf3 18. Bxf3 Qe3+ 19. Kb1 Bxg4 20. Bxg4 Nxg4
21. Rh3 Qe6 22. Qxe6+ Rxe6 23. Rf3 Rc8 24. Nge2 h5 25. Rd7 Bxc3 26. Nxc3 Re1+
27. Nd1 Ne5 28. Re3 Rxe3 0-1

[Event "Plzen, FSB A"]
[Site "?"]
[Date "2004.??.??"]
[Round "1.37"]
[White "Folkova, M."]
[Black "Kovarik, J."]
[Result "1-0"]
[WhiteElo "2165"]
[BlackElo "1959"]
[PlyCount "73"]
[EventDate "2004.??.??"]
[Source "ChessBase"]
[SourceDate "1996.11.15"]

1. e4 c5 2. Nf3 Nc6 3. d4 cxd4 4. Nxd4 a6 5. Nc3 e6 6. Be3 Qc7 7. Be2 Bb4 8.
O-O Nf6 9. Na4 d5 10. Nxc6 bxc6 11. Nb6 Rb8 12. Nxc8 Qxc8 13. exd5 cxd5 14. c3
Be7 15. Qa4+ Qd7 16. Qxa6 Rxb2 17. Rab1 Rxb1 18. Rxb1 O-O 19. Rb7 Qd8 20. Bb6
Qd6 21. a4 Nd7 22. Be3 Nc5 23. Qxd6 Bxd6 24. Rb6 Rd8 25. Rxd6 Rxd6 26. Bxc5 Rc6
27. Bd4 f6 28. f4 Kf8 29. Kf2 Ke7 30. a5 Kd6 31. a6 Rc8 32. a7 Kc6 33. Ba6 Rd8
34. c4 dxc4 35. Bxc4 Kb7 36. Be3 Rd6 37. Be2 1-0

[Event "Plzen, FSB A"]
[Site "?"]
[Date "2004.??.??"]
[Round "1.38"]
[White "Pahorecky, J."]
[Black "Hlavac, R."]
[Result "0-1"]
[WhiteElo "1946"]
[BlackElo "2165"]
[PlyCount "78"]
[EventDate "2004.??.??"]
[Source "ChessBase"]
[SourceDate "1996.11.15"]

1. e4 c5 2. Nf3 Nc6 3. d4 cxd4 4. Nxd4 Nf6 5. Nc3 e5 6. Ndb5 d6 7. Bg5 a6 8.
Bxf6 gxf6 9. Na3 b5 10. Nd5 Bg7 11. c3 f5 12. exf5 Bxf5 13. Nc2 Ne7 14. Nxe7
Bxc2 15. Qxc2 Qxe7 16. a4 O-O 17. Bd3 e4 18. Be2 d5 19. O-O b4 20. Qb3 bxc3 21.
bxc3 Qc5 22. Rfd1 Rfd8 23. Rac1 Rab8 24. Qc2 a5 25. Bb5 f5 26. Qd2 Kh8 27. Qg5
Rf8 28. Qd2 Rbd8 29. g3 Be5 30. Qe3 Qc7 31. Qh6 Rf6 32. Qd2 f4 33. Qa2 Qc5 34.
Kg2 fxg3 35. hxg3 Rf3 36. Qd2 e3 37. fxe3 Rxg3+ 38. Kf1 Rf8+ 39. Ke1 Rg1+ 0-1

[Event "Plzen, FSB A"]
[Site "?"]
[Date "2004.??.??"]
[Round "1.39"]
[White "Kana, P."]
[Black "Jina, L."]
[Result "1/2-1/2"]
[WhiteElo "2159"]
[BlackElo "1943"]
[PlyCount "52"]
[EventDate "2004.??.??"]
[Source "ChessBase"]
[SourceDate "1996.11.15"]

1. e4 c5 2. Nf3 Nc6 3. Bb5 Qc7 4. Nc3 e6 5. d4 cxd4 6. Nxd4 a6 7. Be2 Be7 8.
Be3 Nf6 9. O-O O-O 10. Nb3 b5 11. a3 d6 12. f4 Bb7 13. g4 Rad8 14. g5 Nd7 15.
Bd3 g6 16. Qg4 Nc5 17. Nxc5 dxc5 18. e5 Nd4 19. Bxd4 Rxd4 20. Ne2 Rdd8 21. Ng3
c4 22. Be4 Rd2 23. Rad1 Rfd8 24. Rxd2 Rxd2 25. Qf3 Bc5+ 26. Kh1 Bc8 1/2-1/2

[Event "Plzen, FSB A"]
[Site "?"]
[Date "2004.??.??"]
[Round "1.40"]
[White "Muk, I."]
[Black "Beran, B."]
[Result "1/2-1/2"]
[WhiteElo "1916"]
[BlackElo "2158"]
[PlyCount "48"]
[EventDate "2004.??.??"]
[Source "ChessBase"]
[SourceDate "1996.11.15"]

1. d4 d5 2. c4 c6 3. Nc3 g6 4. Nf3 Bg7 5. cxd5 cxd5 6. Bf4 Nc6 7. e3 Nf6 8. h3
O-O 9. Rc1 e6 10. Bd3 Bd7 11. g4 a6 12. Ne5 Ne8 13. Nf3 f6 14. Bb1 b5 15. a3
Rc8 16. b4 Qe7 17. O-O Nd6 18. Re1 Nc4 19. e4 Qf7 20. exd5 exd5 21. Ba2 f5 22.
g5 Rfe8 23. Qd3 Rxe1+ 24. Rxe1 Re8 {60 tahu} 1/2-1/2

[Event "Plzen, FSB A"]
[Site "?"]
[Date "2004.??.??"]
[Round "1.41"]
[White "Toman, Jar"]
[Black "Fiala, J."]
[Result "0-1"]
[WhiteElo "2145"]
[BlackElo "1914"]
[PlyCount "109"]
[EventDate "2004.??.??"]
[Source "ChessBase"]
[SourceDate "1996.11.15"]

1. e4 e5 2. Nf3 Nc6 3. Bb5 a6 4. Ba4 Nf6 5. O-O Be7 6. Re1 b5 7. Bb3 O-O 8. h3
Bb7 9. c3 d5 10. exd5 Nxd5 11. Nxe5 Nxe5 12. Rxe5 Nf4 13. d4 Nxg2 14. d5 Nh4
15. Re4 Bc8 16. Nd2 Bf5 17. Re3 Bg5 18. Nf3 Bxe3 19. Bxe3 Nxf3+ 20. Qxf3 Qd7
21. Kh2 Bg6 22. Rg1 Rfe8 23. Qg3 Kh8 24. h4 f6 25. Rd1 Re4 26. Rg1 Qd6 27. Qxd6
cxd6 28. Kg3 Kg8 29. Rh1 h5 30. Bf4 Rd8 31. Kf3 Kf7 32. Rg1 Re7 33. Rd1 Ke8 34.
Rd2 Kd7 35. Rd1 Rde8 36. a4 Re2 37. Rd2 Rxd2 38. Bxd2 Be4+ 39. Kg3 Re5 40. f4
Re8 41. a5 Bd3 42. Bd1 Be2 43. Bc2 Bc4 44. Bf5+ Kc7 45. Be6 g6 46. Be3 Bxd5 47.
Bb6+ Kc6 48. Bh3 Re2 49. b4 f5 50. Bf1 Re6 51. Kf2 Bc4 52. Bg2+ Bd5 53. Bf1 Re4
54. Be3 Kd7 55. Bd3 $138 0-1

[Event "Plzen, FSB A"]
[Site "?"]
[Date "2004.??.??"]
[Round "1.42"]
[White "Cekan, P."]
[Black "Adamek, F."]
[Result "1-0"]
[WhiteElo "1894"]
[BlackElo "2144"]
[PlyCount "123"]
[EventDate "2004.??.??"]
[Source "ChessBase"]
[SourceDate "1996.11.15"]

1. d4 f5 2. Nf3 g6 3. g3 Bg7 4. Bg2 d5 5. c4 dxc4 6. Qa4+ c6 7. Qxc4 e6 8. O-O
Nf6 9. Bg5 O-O 10. Nc3 h6 11. Bxf6 Qxf6 12. e4 Kh7 13. a4 a5 14. Ne5 Nd7 15. f4
g5 16. exf5 gxf4 17. Ne4 Qd8 18. f6 Nxf6 19. Nxf6+ Rxf6 20. Rxf4 Rxf4 21. gxf4
Bd7 22. Be4+ Kg8 23. Kh1 Bxe5 24. dxe5 Kh8 25. Bc2 Qe7 26. Rg1 b5 27. Qe4 Rg8
28. Rg3 Be8 29. Kg2 b4 30. Kf1 Rg7 31. Rxg7 Qxg7 32. f5 exf5 33. Qxf5 Qf7 34.
Ke2 Qxf5 35. Bxf5 c5 36. Kd3 Bxa4 37. Kc4 Be8 38. Kxc5 Kg7 39. Bd3 Kf8 40. Bb5
Bg6 41. Kb6 Ke7 42. Kxa5 Ke6 43. Kxb4 Kxe5 44. Kc5 h5 45. Bc6 h4 46. b4 Bd3 47.
Bd5 Ba6 48. Bc4 Bb7 49. b5 Bg2 50. b6 Bb7 51. Bb5 Ke6 52. Bc6 Ba6 53. Bg2 Kd7
54. Bh3+ Kd8 55. Kc6 Be2 56. Kb7 Bf3+ 57. Ka7 Bc6 58. Bf1 Bd5 59. Ba6 Be4 60.
Bb7 Bf5 61. Bf3 Bc8 62. Bg4 1-0

[Event "Plzen, FSB A"]
[Site "?"]
[Date "2004.??.??"]
[Round "1.43"]
[White "Havlik, J."]
[Black "Simunek, F."]
[Result "1-0"]
[WhiteElo "2136"]
[BlackElo "1877"]
[PlyCount "53"]
[EventDate "2004.??.??"]
[Source "ChessBase"]
[SourceDate "1996.11.15"]

1. e4 c5 2. Nf3 d6 3. d4 cxd4 4. Nxd4 Nf6 5. Nc3 Nc6 6. Bc4 e6 7. Bb3 Be7 8.
O-O O-O 9. Be3 a6 10. f4 Qc7 11. f5 Nxd4 12. Bxd4 b5 13. a3 Bd7 14. Qd3 Rab8
15. Rad1 Ne8 16. Qg3 e5 17. Nd5 Qd8 18. Nxe7+ Qxe7 19. Be3 Kh8 20. Rf3 Bc6 21.
Bg5 f6 22. Qh4 d5 23. Be3 g5 24. fxg6 dxe4 25. Rh3 Rb7 26. Kh1 Rg8 27. Bf7 1-0

[Event "Plzen, FSB A"]
[Site "?"]
[Date "2004.??.??"]
[Round "1.44"]
[White "Vojir jr., V."]
[Black "Pech, V."]
[Result "0-1"]
[WhiteElo "1863"]
[BlackElo "2135"]
[PlyCount "68"]
[EventDate "2004.??.??"]
[Source "ChessBase"]
[SourceDate "1996.11.15"]

1. d4 Nf6 2. Bf4 g6 3. Nd2 Bg7 4. c3 O-O 5. h3 d6 6. Ngf3 Nbd7 7. e3 b6 8. Bc4
Bb7 9. O-O c5 10. a4 a6 11. Qe2 d5 12. Bd3 Ne4 13. Ne1 Nxd2 14. Qxd2 e5 15.
dxe5 Nxe5 16. Be2 Qe7 17. Nf3 Nc4 18. Qc2 Na5 19. Rfe1 Rfe8 20. Rad1 Rac8 21.
Bd3 Qf6 22. Bg5 Qc6 23. Nd2 d4 24. f3 c4 25. Be4 d3 26. Bxc6 dxc2 27. Bxe8
cxd1=Q 28. Bxf7+ Kxf7 29. Rxd1 Bf6 30. Bxf6 Kxf6 31. Kf2 Ke7 32. Ke2 Rd8 33. e4
Bc6 34. Ra1 Rxd2+ 0-1

[Event "Plzen, FSB A"]
[Site "?"]
[Date "2004.??.??"]
[Round "1.45"]
[White "Chalus, K."]
[Black "Reitingerova, I."]
[Result "1/2-1/2"]
[WhiteElo "2123"]
[BlackElo "1841"]
[PlyCount "98"]
[EventDate "2004.??.??"]
[Source "ChessBase"]
[SourceDate "1996.11.15"]

1. e4 c5 2. Nf3 d6 3. d4 cxd4 4. Nxd4 Nf6 5. Nc3 a6 6. Be2 e5 7. Nb3 Be6 8. O-O
Nbd7 9. Bf3 Qc7 10. Re1 Be7 11. Nd2 O-O 12. Nf1 Rac8 13. Ne3 b5 14. a3 Nb6 15.
Bd2 Rfd8 16. Ned5 Bxd5 17. Nxd5 Nfxd5 18. exd5 Bf6 19. Be4 g6 20. Ba5 Qb7 21.
Qf3 Bg7 22. g4 Rf8 23. Rad1 Na4 24. Bb4 Qd7 25. g5 Nxb2 26. Rb1 Na4 27. Qg3 Nc5
28. Bg2 Qd8 29. Bh3 Rb8 30. Qe3 Qc7 31. Rec1 a5 32. Bd2 f5 33. gxf6 Bxf6 34.
Bf1 Bh4 35. Be1 Qd7 36. Bh3 Qe7 37. Rd1 Rf4 38. f3 Bg5 39. Qe2 e4 40. Bg2 Re8
41. Bg3 exf3 42. Qxe7 f2+ 43. Bxf2 Rxe7 44. Bg3 Rf6 45. Rxb5 Re2 46. Rf1 Rxc2
47. Rxf6 Bxf6 48. h3 Bd4+ 49. Kh2 Ne4 1/2-1/2

[Event "Plzen, FSB A"]
[Site "?"]
[Date "2004.??.??"]
[Round "1.46"]
[White "Woudstra, W."]
[Black "Jenicek, M."]
[Result "0-1"]
[WhiteElo "1781"]
[BlackElo "2117"]
[PlyCount "64"]
[EventDate "2004.??.??"]
[Source "ChessBase"]
[SourceDate "1996.11.15"]

1. d4 d5 2. Nf3 c6 3. c4 Nf6 4. Bg5 e6 5. cxd5 exd5 6. Nc3 Be7 7. e3 O-O 8. Bd3
Nbd7 9. Qc2 Re8 10. O-O Nf8 11. h3 Ne4 12. Bf4 Nxc3 13. Qxc3 Bd6 14. Bxd6 Qxd6
15. b4 Qf6 16. Rac1 Bxh3 17. b5 cxb5 18. Bxb5 Re4 19. Ne5 Bxg2 20. Kxg2 Qg5+
21. Kf3 f6 22. Ke2 fxe5 23. dxe5 Qxe5 24. Qxe5 Rxe5 25. Rc7 a6 26. Ba4 b5 27.
Bb3 Ne6 28. Rd7 Nd4+ 29. Kd3 Nxb3 30. axb3 a5 31. Rg1 g6 32. Rh1 h5 0-1

[Event "Plzen, FSB A"]
[Site "?"]
[Date "2004.??.??"]
[Round "1.47"]
[White "Gutdeutsch, O."]
[Black "Steinhauser, F."]
[Result "1/2-1/2"]
[WhiteElo "2116"]
[BlackElo "1775"]
[PlyCount "40"]
[EventDate "2004.??.??"]
[Source "ChessBase"]
[SourceDate "1996.11.15"]

1. e4 c5 2. Nf3 d6 3. d4 cxd4 4. Nxd4 Nf6 5. Nc3 g6 6. Be2 Bg7 7. Be3 O-O 8.
O-O Nbd7 9. f4 Nc5 10. Bf3 e6 11. Kh1 Re8 12. Ndb5 Bf8 13. Qe1 d5 14. Rd1 a6
15. Qf2 Ncxe4 16. Bxe4 Nxe4 17. Nxe4 axb5 18. Bb6 Qe7 19. Bc5 Qd8 20. Bb6 Qe7
1/2-1/2

[Event "Plzen, FSB A"]
[Site "?"]
[Date "2004.??.??"]
[Round "1.48"]
[White "Hava, P."]
[Black "Hodova, L."]
[Result "0-1"]
[WhiteElo "1770"]
[BlackElo "2112"]
[PlyCount "62"]
[EventDate "2004.??.??"]
[Source "ChessBase"]
[SourceDate "1996.11.15"]

1. e4 c5 2. Nc3 Nc6 3. g3 g6 4. d3 Bg7 5. f4 Rb8 6. Bg2 d6 7. Nf3 b5 8. Qe2 b4
9. Nd1 e6 10. O-O Nge7 11. Be3 O-O 12. Rb1 Qa5 13. Nf2 Bd7 14. e5 d5 15. h3 Nf5
16. Kh2 f6 17. Ng4 fxe5 18. Ngxe5 Nxe5 19. Nxe5 Ba4 20. b3 Be8 21. Bg1 Qc7 22.
Nxg6 hxg6 23. Qxe6+ Bf7 24. Qe2 Rbe8 25. Qf2 Ne3 26. Rfe1 Bd4 27. Qd2 Bc3 28.
Qf2 Bxe1 29. Rxe1 Nxg2 30. Kxg2 d4 31. Kh2 Qc6 0-1

[Event "Plzen, FSB A"]
[Site "?"]
[Date "2004.??.??"]
[Round "1.49"]
[White "Racek, J."]
[Black "Svoboda, J."]
[Result "1-0"]
[WhiteElo "2112"]
[BlackElo "1769"]
[PlyCount "39"]
[EventDate "2004.??.??"]
[Source "ChessBase"]
[SourceDate "1996.11.15"]

1. d4 d5 2. Nf3 e6 3. c4 Nf6 4. Nc3 Be7 5. Bg5 Nbd7 6. e3 O-O 7. Rc1 b6 8. cxd5
exd5 9. Bd3 c5 10. O-O c4 11. Bb1 Re8 12. Ne5 Nxe5 13. dxe5 Ng4 14. Bf4 Bc5 15.
Qxd5 Qxd5 16. Nxd5 Nxe5 17. Nc7 Bb7 18. Nxa8 Bxa8 19. Bxe5 Rxe5 20. Rxc4 {
35 tahu} 1-0

[Event "Plzen, FSB A"]
[Site "?"]
[Date "2004.??.??"]
[Round "1.50"]
[White "Steinhauser, D."]
[Black "Hyrs, M."]
[Result "1/2-1/2"]
[WhiteElo "1753"]
[BlackElo "2108"]
[PlyCount "51"]
[EventDate "2004.??.??"]
[Source "ChessBase"]
[SourceDate "1996.11.15"]

1. e4 e5 2. d4 exd4 3. c3 dxc3 4. Bc4 cxb2 5. Bxb2 d5 6. Bxd5 Nf6 7. Nc3 Nxd5
8. Nxd5 c6 9. Nf6+ gxf6 10. Qxd8+ Kxd8 11. Bxf6+ Be7 12. Bxh8 Bb4+ 13. Ke2 Be6
14. Nf3 Ke7 15. Rhd1 f6 16. e5 Nd7 17. exf6+ Nxf6 18. Bxf6+ Kxf6 19. Rab1 Bc4+
20. Ke3 Bc5+ 21. Nd4 Re8+ 22. Kf3 Bd5+ 23. Kg3 Re4 24. Nb3 Bd6+ 25. Kf3 Re5+
26. Kg4 1/2-1/2

[Event "Plzen, FSB A"]
[Site "?"]
[Date "2004.??.??"]
[Round "1.51"]
[White "Skacel, J."]
[Black "Kriz, D."]
[Result "1-0"]
[WhiteElo "2103"]
[BlackElo "1732"]
[PlyCount "37"]
[EventDate "2004.??.??"]
[Source "ChessBase"]
[SourceDate "1996.11.15"]

1. e4 e5 2. Nf3 Nc6 3. Bc4 Nf6 4. d4 exd4 5. O-O Bc5 6. e5 d5 7. exf6 dxc4 8.
Re1+ Be6 9. Ng5 Qd5 10. Nc3 Qf5 11. Nce4 Bb6 12. Ng3 Qxf6 13. Nh5 Qd8 14. Nxg7+
Kd7 15. N7xe6 fxe6 16. Qg4 Qg8 17. Rxe6 h5 18. Qh3 Kd8 19. Qf5 1-0

[Event "Plzen, FSB A"]
[Site "?"]
[Date "2004.??.??"]
[Round "1.52"]
[White "Vojir sr., V."]
[Black "Toman, Jan"]
[Result "0-1"]
[WhiteElo "1721"]
[BlackElo "2103"]
[PlyCount "66"]
[EventDate "2004.??.??"]
[Source "ChessBase"]
[SourceDate "1996.11.15"]

1. d4 Nf6 2. Bf4 c5 3. e3 g6 4. c3 b6 5. h3 Bg7 6. Nf3 O-O 7. Bd3 Bb7 8. Nbd2
d5 9. O-O Nbd7 10. Re1 Ne4 11. Qc2 f5 12. Ng5 Nxg5 13. Bxg5 Rc8 14. Nf3 h6 15.
Bf4 g5 16. Be5 Nxe5 17. Nxe5 Bxe5 18. dxe5 e6 19. Qd2 Rf7 20. Be2 Qc7 21. f4
Rg7 22. Kh2 Qe7 23. g3 Rd8 24. Rad1 Qe8 25. Qc2 Kh8 26. Rg1 Qc6 27. Qb3 Rdg8
28. Bb5 Qc7 29. Bf1 a6 30. Bg2 gxf4 31. gxf4 Rg3 32. Rde1 Qg7 33. Qc2 d4 0-1

[Event "Plzen, FSB A"]
[Site "?"]
[Date "2004.??.??"]
[Round "1.53"]
[White "Vrchotka, J."]
[Black "Rakous, P."]
[Result "1-0"]
[WhiteElo "2103"]
[BlackElo "1716"]
[PlyCount "129"]
[EventDate "2004.??.??"]
[Source "ChessBase"]
[SourceDate "1996.11.15"]

1. e4 c5 2. Nf3 a6 3. d4 cxd4 4. Nxd4 Nf6 5. Nc3 e5 6. Nf5 d5 7. Bg5 d4 8. Bxf6
gxf6 9. Ne2 Bxf5 10. exf5 Qc8 11. c3 Qxf5 12. Ng3 Qe6 13. Bd3 dxc3 14. bxc3 Nd7
15. Bf5 Qc6 16. O-O O-O-O 17. Rb1 b6 18. Qe2 Kc7 19. Qxa6 Nc5 20. Qe2 h5 21.
Ne4 Rg8 22. f3 Nd3 23. Qc2 Bc5+ 24. Kh1 Nf4 25. g3 Nd5 26. Nxc5 Qxc5 27. Be4 h4
28. g4 Ra8 29. Qb3 Rgd8 30. Rfd1 Ra5 31. Rd3 h3 32. Rbd1 Rb5 33. Qc2 Qc4 34.
Qd2 Kc6 35. Qh6 Kc7 36. Qxh3 Qxa2 37. Qg2 Qxg2+ 38. Kxg2 Nf4+ 39. Kf2 Nxd3+ 40.
Rxd3 Rxd3 41. Bxd3 Rb3 42. Bc4 Rxc3 43. Bxf7 Kd6 44. h4 e4 45. h5 Rxf3+ 46. Kg2
Ke7 47. Bg6 Rd3 48. Bxe4 Rd8 49. Kf3 Kf7 50. h6 Rh8 51. h7 Kg7 52. Kf4 Re8 53.
Ke3 Re5 54. Kd4 b5 55. Bd3 Kh8 56. Be4 b4 57. Bf5 Rb5 58. Kc4 Rb8 59. Kb3 Kg7
60. Bc2 Rb5 61. Bf5 Rb8 62. Be4 Kh6 63. Bf5 Kg5 64. Be6 Kf4 65. Bg8 1-0

[Event "Plzen, FSB A"]
[Site "?"]
[Date "2004.??.??"]
[Round "2.1"]
[White "Cvek, R."]
[Black "Simunek, A."]
[Result "1/2-1/2"]
[WhiteElo "2461"]
[BlackElo "2200"]
[PlyCount "97"]
[EventDate "2004.??.??"]
[Source "ChessBase"]
[SourceDate "1996.11.15"]

1. Nf3 Nf6 2. c4 g6 3. Nc3 Bg7 4. e4 c5 5. d4 cxd4 6. Nxd4 Nc6 7. Be3 d6 8. Be2
O-O 9. O-O Nxd4 10. Bxd4 b6 11. Re1 Bb7 12. Bf1 e5 13. Be3 Nxe4 14. Nxe4 Bxe4
15. Qd2 Bb7 16. Rad1 d5 17. cxd5 Qd6 18. Bc4 Rfd8 19. b3 Rd7 20. Qe2 Rad8 21.
Rd2 h6 22. Red1 f5 23. f3 Kh7 24. a4 Re7 25. a5 e4 26. f4 Bc3 27. Ra2 bxa5 28.
Qf2 Bb4 29. Kh1 a6 30. h3 Rf8 31. Bd4 e3 32. Bxe3 Rfe8 33. Bd2 Bc5 34. Qf1 Bxd5
35. Bxd5 Qxd5 36. Rxa5 Qd4 37. Ra4 Qd5 38. b4 Re2 39. bxc5 Rxd2 40. Rxd2 Qxd2
41. Ra1 Qd5 42. Rc1 Re6 43. Kh2 Rc6 44. Qe2 Qf7 45. Qe5 Qc7 46. Qd4 a5 47. Re1
g5 48. Re5 Kg6 49. Qd5 1/2-1/2

[Event "Plzen, FSB A"]
[Site "?"]
[Date "2004.??.??"]
[Round "2.2"]
[White "Galicek, S."]
[Black "Gajewski, G."]
[Result "0-1"]
[WhiteElo "2181"]
[BlackElo "2439"]
[PlyCount "42"]
[EventDate "2004.??.??"]
[Source "ChessBase"]
[SourceDate "1996.11.15"]

1. d4 e6 2. Nf3 f5 3. g3 Nf6 4. Bg2 d5 5. O-O Bd6 6. b3 Qe7 7. a4 O-O 8. Ba3 c5
9. dxc5 Bxc5 10. Ne5 Nc6 11. Nd3 Bxa3 12. Nxa3 e5 13. c4 d4 14. Qd2 e4 15. Ne1
Be6 16. Nec2 Rad8 17. Nb5 d3 18. Ne3 a6 19. Nc3 Nd4 20. Qb2 Qb4 21. Rab1 Qxc3
0-1

[Event "Plzen, FSB A"]
[Site "?"]
[Date "2004.??.??"]
[Round "2.3"]
[White "Vasicek, M."]
[Black "Zawadzki, S."]
[Result "0-1"]
[WhiteElo "2175"]
[BlackElo "2428"]
[PlyCount "106"]
[EventDate "2004.??.??"]
[Source "ChessBase"]
[SourceDate "1996.11.15"]

1. e4 c5 2. Nf3 d6 3. d4 cxd4 4. Qxd4 Bd7 5. c4 Nc6 6. Qd2 Nf6 7. Nc3 g6 8. b3
Bg7 9. Bb2 O-O 10. Be2 Bg4 11. h3 Bxf3 12. Bxf3 Qa5 13. O-O Nd7 14. Rfd1 Rfd8
15. Nd5 Qxd2 16. Rxd2 Bxb2 17. Rxb2 Kf8 18. Rd1 a5 19. a3 Nc5 20. g3 e6 21. Nc7
Rac8 22. Nb5 Ke7 23. Bg2 f6 24. f4 Rd7 25. Kf2 g5 26. Bf3 gxf4 27. gxf4 Rg8 28.
Rg1 Nd3+ 29. Ke3 Rxg1 30. Kxd3 Rg3 31. Ke3 Rxh3 32. Rg2 Kf8 33. Kf2 Rh6 34. Bg4
f5 35. exf5 exf5 36. Bxf5 Rf7 37. Be4 Rxf4+ 38. Ke3 Rff6 39. Bd5 Rhg6 40. Rh2
h6 41. Rh3 Rg7 42. Nc3 Rfg6 43. Ne4 Ke7 44. Rh1 Kd7 45. b4 axb4 46. axb4 Nxb4
47. Bxb7 Kc7 48. Ba8 Rg8 49. Bd5 Nxd5+ 50. cxd5 Re8 51. Rh4 Re5 52. Kd4 h5 53.
Nf2 Rg4+ 0-1